00598nam a2200193Ii 450000100060000000300090000600800410001502000180005604000330007404100080010708200170011510000170013224500580014926401040020730000120031133600260032333700280034933800270037716447CO-ViMGA241108s9999||||xx |||||||||||||| ||und|| a9789588596549 aCO-ViMGAbspaerdacCO-ViMGA0 aunk04aCo861.5 M14a1 aOlga Malaver10aAdhesión íntima del fuego :bantología personal 1a[Lugar de publicación no identificado] : Caza de Libros, [Fecha de publicación no identificada] avolumen atextbtxt2rdacontent aunmediatedbn2rdamedia avolumebnc2rdacarrier